000
00375nam a2200157Ia 4500
003
GCL
008
140319s9999 xx 000 0 ara d
040
_a
GCL /
_c
GCL
082
0
4
_a
615.15
_b
ا ت
245
1
0
_a
تخزين الادوية وحفظها
300
_a
144 ص
490
_a
650
0
4
_a
العقاقير
650
0
4
_a
الادوية، حفظ
942
_2
ddc
_c
BK
999
_c
38047
_d
38047